000 00717nam a2200181Ia 4500
008 100921s9999 xx 000 0 und d
082 _b32696
_a891.463 न 00
100 _aगुजर अनिल.
245 _aकधी चांदणे कधी काहिली.
260 _bस्वप्न प्रकाशन, पुणे.
_c2000
300 _a236
_bशांती पब्लिकेशन,पुणे
365 _b150
520 _aललित-कादंबरी.
630 _aकधी चांदणे कधी काहिली.
650 _aललित-कादंबरी.
730 _aकधी चांदणे कधी काहिली.
942 _cBOOK
999 _c781809
_d781806